Inazuma Eleven - Trouve le prénom (1) - Statistiques

Statistiques générales
  • Ce quiz a été pris 4 882 fois
  • Le résultat moyen est 11 sur 15
Statistiques - réponses
Hint Réponse % Correct
Blaze Axel
93%
Sharp Jude
92%
Swift Nathan
89%
Love Byron
87%
Evans Mark
87%
Eagle Erik
85%
Wallside Jack
85%
Shearer Bobby
79%
King Joseph
75%
Samford David
73%
Ironside Todd
72%
Grim Steve
52%
Turner Neil
50%
Tassman Johan
43%
Speed Adrian
29%
Aucun quiz correspondant
Distribution des résultats
% des personnes avec chaque résultat
Percentile par nombre de réponses
Votre historique - résultats
Vous n’avez pas pris ce quiz